Statystyki dla Quiz o Czechosłowacji

Kliknij tutaj aby rozwiązać quiz!

Ogólne statystyki

  • Ten quiz został rozwiązany 18 razy
  • Średni wynik to 5 z 8

Statystyki odpowiedzi

PytanieOdpowiedź% Poprawnych
Języki UrzędoweCzeski | Słowacki
100%
StolicaPraga
100%
Rok rozpadu państwa Czechosłowackiego1992
59%
Religia dominującakatolicyzm
53%
Ustrój PolitycznyRepublika
47%
Ostatni prezydentVaclav Havel
47%
WalutaKorona czechosłowacka
35%
Uzyskanie niepodległości odAustro-Węgier
18%

Rozkład punktacji

Percentyl według liczby udzielonych odpowiedzi

Procent ludzi z każdym wynikiem

Twoja historia wyników

Nie rozwiązałeś tego quizu